000
00293nam a2200121Ia 4500
008
190216s9999||||xx |||||||||||||| ||und||
100
_a
Sethi T T
245
0
_a
"Money,Banking And International Trade"
260
_b
S Chand & Co
_c
1987
300
_a
649 pages
650
_a
Commerce
942
_c
BK
999
_c
5483
_d
5483